| 000 | 00694cam a2200217 4500 | ||
|---|---|---|---|
| 001 | ABS62914 | ||
| 008 | 000000n2000 000 0 eng u | ||
| 035 | _a(Sirsi) u108496 | ||
| 041 | 0 | _aeng | |
| 100 | 1 | _aWilliams, C. | |
| 245 | 0 | 0 | _aLivingstone's licence |
| 260 | _c2000 | ||
| 490 | 0 |
_aEstates Gazette _v(0036) 9 September 2000, 156(1) |
|
| 520 | _aReports on the impact of the Greater London Assembly on planning and development in London. Outlines the mayor's key planning powers. | ||
| 590 | _aABS | ||
| 650 | 2 | 4 | _aLONDON CONGESTION CHARGE ZONE |
| 651 | 4 | _aLONDON | |
| 690 | _aENVIRONMENTAL AND LAND CONSULTANCY-PLANNING AND DEVELOPMENT | ||
| 700 | 1 | _aWatson, A. | |
| 942 | _n0 | ||
| 999 |
_c64779 _d64779 |
||